Statistics for Diaspora-Albania

Click here to take the quiz!

General Stats

  • This quiz has been taken 649 times
  • The average score is 17 of 22

Answer Stats

Number of immigrantsContinentCountry% Correct
172.149North AmericaUnited States of America
96%
300.000EuropeGermany
95%
500.000-5.000.000Asia/ EuropeTurkey
95%
480.824EuropeGreece
94%
502.546EuropeItaly
94%
1.616.869EuropeKosovo
90%
28.820EuropeUnited Kingdom
90%
31.030North AmericaCanada
89%
20.531EuropeFrance
89%
60.809EuropeSerbia
88%
509.083EuropeNorth Macedonia
87%
15.901OceaniaAustralia
80%
94.937-300.000EuropeSwitzerland
80%
28.212EuropeAustria
78%
30.439EuropeMontenegro
76%
40.000South AmericaArgentina
75%
17.531EuropeCroatia
73%
5.439EuropeSweden
73%
7.183EuropeBelgium
65%
6.186EuropeSlovenia
56%
10.391EuropeFinland
42%
5.851EuropeSlovakia
33%

Score Distribution

Percentile by Number Answered

Percent of People with Each Score

Your Score History

You have not taken this quiz